Éléments chimiques- Hydrogène - Statistiques

Statistiques générales
  • Ce quiz a été pris 17 fois
  • Le résultat moyen est 4 sur 16
Statistiques - réponses
Questions Réponses % Correct
Symbole H
100%
Électronégativité Allred-Rochow 2,2
59%
Electronegativité Pauling 2,2
59%
Désignation Hydrogène/ Hydrogenium
59%
Niveau d’oxydation -1,1
47%
Masse atomique relative 1,00794
29%
Rayon atomique (en pm= en picomètre=10^12) 37,5
12%
Fraction de masse dans la géosphère de la Terre (en %) 0,88
6%
Découvert en 1766
6%
État de la matière (à 68 °F/ 20 °C et à 1013 hPa) gazeuse
6%
Classification I Non-métaux
6%
Densité à 68 °F (20 °F) 0,084 g/L
0%
Température d’ébullition -423,166 °F/ -252,87 °C
0%
Température de fusion -434,452 °F/ -259,14 °C
0%
Classification II Élément natural
0%
Découvert par Henry Cavendish
0%
Aucun quiz correspondant
Distribution des résultats
% des personnes avec chaque résultat
Percentile par nombre de réponses
Votre historique - résultats
Vous n’avez pas pris ce quiz